Statistics for Star Wars Rebels (Season 1) A-Z

Click here to take the quiz!

General Stats

  • This quiz has been taken 15 times
  • The average score is 11 of 23

Answer Stats

LetterHintAnswer% Correct
CNickname of C1-10P a C1-series astromech droidChopper
100%
HA Twi'lek female pilotHera Syndulla
100%
KA human male Jedi Knight who survived Order 66Kanan Jarrus
100%
SA human female Mandalorian and artistSabine Wren
100%
ZGarazeb Orrelios' nicknameZeb
100%
EA Force-sensitive human kidEzra Bridger
91%
GThe title adopted by the Pau'an male leader of the InquisitoriusGrand Inquisitor
91%
LA planet in the Outer Rim Territories under Imperial ruleLothal
91%
FCodename used by Ahsoka TanoFulcrum
82%
AA human male ISB agentAlexsandr Kallus
73%
WKitwarr and Wullffwarro are a member of this species seen enslaved by the EmpireWookiee
64%
BCriminal syndicate lead by Cikatro Vizago{Broken} {Horn} Syndicate
27%
RCanisters of what volatile starship fuel are found at Fort Anaxes?Rhydonium
27%
TA male Rodian who was outfitted with an AJ^6 cyborg construct containing information vital to the Galactic EmpireTseebo
27%
PA non-sentient, herbivorous, mammalian capable of sniffing out valuable mineralsPuffer Pig
18%
ILando Calrissian wins a game of sabacc with this handIdiot's Array
9%
JA type of fruit found throughout the galaxy and sold in marketsJogan Fruit
9%
YA male Gotal who worked as a street merchant selling fruitYoffar
9%
DCikatro Vizago is a member of this speciesDevaronian
0%
MA human male who served the Galactic Empire and held the military rank of sergeant major and the title of taskmasterMyles Grint
0%
NA cadet in the Academy for Young Imperials who has a fierce rivalry with cadet a member of his unit who was secretly an undercover rebelNazhros Oleg
0%
UA cadet in the Academy for Young ImperialsUzall
0%
VA male human TIE fighter pilot who served as a Baron of the EmpireValen Rudor
0%

Score Distribution

Percentile by Number Answered

Percent of People with Each Score

Your Score History

You have not taken this quiz